000 00812nam a2200265 a 4500
001 BRL_56
005 20190320210553.0
008 840326s1982 mx-a######---#000-0#spa-#
020 _a9683800629
040 _aDLC
_cDLC
_dDLC
041 _aspa
044 _amx
050 4 _aN6553
_b.C37 1982
100 1 _aCarrillo Azpéitia, Rafael
_94977
245 1 0 _aEl arte barroco en México
_bdesde sus inicios, hasta el esplendor de los siglos XVII y XVIII
_cRafael Carrillo A.
260 _aMéxico
_bPanorama
_c1982
300 _a162 p.
_bil.
_c19 cm.
440 0 _aColección Panorama
_922783
500 _aIncluye dedicatoria a la Dra. Ruth Lechuga
500 _aAu68
650 1 4 _aArte barroco
_ySiglo XVII-XVIII
_zMéxico
_922784
650 1 4 _aArte colonial
_zMéxico
_922785
902 _aGRL
942 _2lcc
_cB
999 _c8869
_d8869